000 00319nam a2200121Ia 4500
008 230627s9999 xx 000 0 und d
041 _aeng
082 _a346.02
_bBAN
100 _aBangia R. K
245 _aLaw Of Contract I And Specific Relief Act
250 _a8ed.
260 _aFaridabad
_bAllahabad Law Agency
_c1999
999 _c702602
_d702602